Gewalt gegen pflegebedürftige alte Menschen: Gegen das Schweigen: Berichte von Betroffenen
| Otros Autores: | |
|---|---|
| Tipo de documento: | Print Libro |
| Lenguaje: | Alemán |
| Publicado: |
Bonn
HsM, Handeln statt Mißhandeln, Bonner Initiative gegen Gewalt im Alter
1999
|
| En: |
Bonner Schriftenreihe "Gewalt im Alter" (4)
Año: 1999 |
| Edición: | 2. korr. Aufl. |
| Disponibilidad en Tübingen: | Disponible en Tübingen. IFK: S 149 4 |
| Verificar disponibilidad: | HBZ Gateway |
| Servicio de pedido Subito: | Pedir ahora. |
| Palabras clave: |
MARC
| LEADER | 00000cam a2200000 c 4500 | ||
|---|---|---|---|
| 001 | 115668997X | ||
| 003 | DE-627 | ||
| 005 | 20251129030618.0 | ||
| 007 | tu | ||
| 008 | 000110s1999 gw ||||| 00| ||ger c | ||
| 020 | |a 3934152015 |9 3-934152-01-5 | ||
| 035 | |a (DE-627)115668997X | ||
| 035 | |a (DE-576)086689975 | ||
| 035 | |a (DE-599)BSZ086689975 | ||
| 035 | |a (OCoLC)164577482 | ||
| 035 | |a (OCoLC)164577482 | ||
| 040 | |a DE-627 |b ger |c DE-627 |e rakwb | ||
| 041 | |a ger | ||
| 044 | |c XA-DE | ||
| 084 | |a DS 7250 |2 rvk |0 (DE-625)rvk/19965: | ||
| 084 | |a MS 2700 |2 rvk |0 (DE-625)rvk/123642: | ||
| 084 | |a 44.63 |2 bkl | ||
| 245 | 0 | 0 | |a Gewalt gegen pflegebedürftige alte Menschen: Gegen das Schweigen |b Berichte von Betroffenen |c Rolf D. Hirsch ... (Hrsg.). Mit einem Geleitw. von Otto Speck |
| 250 | |a 2. korr. Aufl. | ||
| 264 | 1 | |a Bonn |b HsM, Handeln statt Mißhandeln, Bonner Initiative gegen Gewalt im Alter |c 1999 | |
| 300 | |a 373 S. |b Adressenverz. | ||
| 336 | |a Text |b txt |2 rdacontent | ||
| 337 | |a ohne Hilfsmittel zu benutzen |b n |2 rdamedia | ||
| 338 | |a Band |b nc |2 rdacarrier | ||
| 490 | 1 | |a Bonner Schriftenreihe "Gewalt im Alter" |v 4 | |
| 583 | 1 | |a Archivierung prüfen |c 20251012 |f DE-4165 |z 1 |2 pdager | |
| 655 | 7 | |a Aufsatzsammlung |0 (DE-588)4143413-4 |0 (DE-627)105605727 |0 (DE-576)209726091 |2 gnd-content | |
| 689 | 0 | 0 | |d s |0 (DE-588)4122042-0 |0 (DE-627)105765244 |0 (DE-576)209548231 |a Altenmisshandlung |2 gnd |
| 689 | 0 | |5 (DE-627) | |
| 700 | 1 | |a Hirsch, Rolf D. |d 1946- |e Hrsg. |0 (DE-588)115763562 |0 (DE-627)077455096 |0 (DE-576)16657628X |4 edt | |
| 830 | 0 | |a Bonner Schriftenreihe "Gewalt im Alter" |v 4 |9 400 |w (DE-627)526229993 |w (DE-576)9526229991 |w (DE-600)2276016-7 |7 am | |
| 889 | |w (DE-627)30877163X | ||
| 935 | |i mdedup | ||
| 936 | r | v | |a DS 7250 |b Altenarbeit, Altenpflege, Sterbebegleitung |k Pädagogik |k Sozialpädagogik, Sozialarbeit |k Berufsfelder |k Altenarbeit, Altenpflege, Sterbebegleitung |0 (DE-627)1270784471 |0 (DE-625)rvk/19965: |0 (DE-576)200784471 |
| 936 | r | v | |a MS 2700 |b Alterssoziologie (Alte Menschen; Gerontologie, Rentner, Altersheim) |k Soziologie |k Spezielle Soziologien |k Alterssoziologie (Alte Menschen; Gerontologie, Rentner, Altersheim) |0 (DE-627)1270915681 |0 (DE-625)rvk/123642: |0 (DE-576)200915681 |
| 936 | b | k | |a 44.63 |j Krankenpflege |0 (DE-627)106409298 |
| 951 | |a BO | ||
| ELC | |b 1 | ||
| LOK | |0 000 xxxxxcx a22 zn 4500 | ||
| LOK | |0 001 2382554878 | ||
| LOK | |0 003 DE-627 | ||
| LOK | |0 004 115668997X | ||
| LOK | |0 005 20010928000000 | ||
| LOK | |0 008 010928||||||||||||||||ger||||||| | ||
| LOK | |0 040 |a DE-21-110 |c DE-627 |d DE-21-110 | ||
| LOK | |0 852 |a DE-21-110 | ||
| LOK | |0 852 1 |c S 149 4 |m p |9 00 | ||
| LOK | |0 935 |a k110 | ||
| LOK | |0 938 |k p | ||
| LOK | |0 939 |a 28-09-01 |b l01 | ||
| ORI | |a SA-MARC-krimdoka001.raw | ||
| SIG | |a IFK: S 149 4 | ||
